ბათუმის შოთა რუსთაველის სახელმწიფო უნივერსიტეტის ბიბლიოთეკა

შეჯამების უარყოფა : (ბიბ.ჩანაწერი № 58199)

000 -ლიდერი
ფიქსირებული სიგრძის საკონტროლო ველი 00819nam a22001937a 4500
003 - საკონტროლო ნომრის იდენტიფიკატორი
საკონტროლო ველი Ge_BSU
005 - ბოლო ოპერაციის თარიღი და დრო
საკონტროლო ველი 20210910130442.0
008 - ფიქსირებული სიგრძის მონაცემთა ელემენტები - ზოგადი ინფორმაცია
ფიქსირებული სიგრძის საკონტროლო ველი 210910s1999 ge ||||| |||| 00| 0 geo d
020 ## - წიგნის საერთაშორისო სტანდარტული ნომერი
International Standard Book Number 9992800135
041 ## - ენის კოდი
Language code of text/sound track or separate title geo
080 ## - უნივერსალური ათობითი კლასიფიკაციის ინდექსი
Universal Decimal Classification number 821.353.1-4 ბ-25
100 ## - მთავარი ჩანაწერი - პიროვნების სახელი
Personal name ბარბაქაძე, დათო
9 (RLIN) 12446
245 ## - ცნობა სათაურის შესახებ
Title შეჯამების უარყოფა :
Remainder of title ცამეტი ლექსი, სამი ესსე და კიდევ ერთი ლექსი /
Statement of responsibility, etc დათო ბარბაქაძე.
264 ## - წარმოების, გამოცემის, დისტრიბუციის და სხვა ცნობები
გამოცემის, წარმოების, დისტრიბუციის... ადგილი თბ. :
გამოცემის, წარმოების, დისტრიბუციის... სახელწოდება მერწყული,
გამოცემის, წარმოების, დისტრიბუციის... თარიღი 1999.
300 ## - ფიზიკური აღწერა
Extent 113 გვ. ;
Other physical details 20 სმ.
500 ## - ზოგადი შენიშვნა
General note წიგბის გამოცემა დააფინასა გია ბუღაძემ
653 ## - INDEX TERM--UNCONTROLLED
Uncontrolled term ლექსები
942 ## - ADDED ENTRY ELEMENTS (KOHA)
Source of classification or shelving scheme
Koha item type წიგნი
ეგზემპლარები
ჩამოწერის სტატუსი დაკარგული ეგზემპლარის სტატუსი კლასიფიკაციის წყარო ან თაროზე გაწყობის სქემა დაზიანების სტატუსი არ გაიცემა მუდმივი მდებარეობა (დაცვის ადგილი) ამჟამინდელი ადგილსამყოფელი თაროზე განთავსების ადგილი შეძენის თარიღი ღირებულება, შესყიდვის ნორმალური ფასი სრული შენახვის შიფრი შტრიხკოდი ბოლო ოპერაციის თარიღი ეგზემპლარის მიმდევრობითი ნომერი (კეტერი?) ფასის ძალაში შესვლის თარიღი ეგზემპლარის სახეობა საჯარო შენიშვნა
          ბათუმის შოთა რუსთაველის სახელმწიფო უნივერსიტეტის მთავარი ბიბლიოთეკა ბათუმის შოთა რუსთაველის სახელმწიფო უნივერსიტეტის მთავარი ბიბლიოთეკა წიგნსაცავი 2021-09-10 4.00 821.353.1-4 ბ-25 61531 2021-09-10 61531 2021-09-10 წიგნი 4 ლ.